00313nam a2200121Ia 4500008004100000041001200041082002200053100002100075245004300096250001200139260002700151300001300178231217s9999 xx 000 0 und d aEnglish a158.1 SHA;1 `R' aSharma, Robin S. 0aMegaliving!: 30 Days to a Perfect Life a3rd ed. c1999bMumbai : Jaico,  aviii+163